Top 10 Most Important Mediterranean Ports - Statistics

General Stats
  • This quiz has been taken 50 times
  • The average score is 4 of 10
Answer Stats
Answer % Correct
Marseille
73%
Alexandria
70%
Algiers
63%
Valencia
63%
Beirut
53%
Piraeus
35%
Gioia Tauro
8%
Mersin
8%
Marsaxlokk
5%
Tangier-Med
0%
No matching quizzes found
Score Distribution
Percent of People with Each Score
Percentile by Number Answered
Your Score History
You have not taken this quiz